| 000 | 04334nkm0a2200577 4500 | ||
|---|---|---|---|
| 001 | RU\NLR\BIBL_A\022723718 | ||
| 005 | 20260408151127.0 | ||
| 035 | _a(NLR Aleph) 022723718 | ||
| 090 |
_a13553107 _c13553107 |
||
| 100 | _a20260210d1904 u y0rusy50 ca | ||
| 101 | 0 | _arus | |
| 102 | _aRU | ||
| 116 | _adiybxx zz ae | ||
| 135 | _acrcn 024anaba | ||
| 181 | 0 |
_ab4 _bxb2e |
|
| 182 | 0 | _an | |
| 200 | 1 |
_aАлександровск _iШенвизе _eоткрытое письмо |
|
| 203 |
_aИзображение _bнеподвижное _bдвухмерное _bвизуальное _cнепосредственное |
||
| 210 |
_aАлександровск _cКнижн. маг. Д. П. Исаак _dценз. 1904 |
||
| 215 |
_a1 л. _cфототип. _d8,8х14 |
||
| 300 | _aЦенз. разрешение: Дозв. ценз. - Рига, 2-го сент. 1904 г. | ||
| 300 | _aПод изобр. слева тип. марка: R. T. K. Riga | ||
| 325 | _aКопия доступна в Электрон. б-ке РНБ | ||
| 327 | 0 | _aЗавод земледельческих машин и орудий Абрама Яковлевича Копа в селе Шенвизе - немецкой колонии у города Александровска Екатеринославской губернии | |
| 606 | 1 |
_aПочтовые открытки маркированные художественные _yРоссия _z1895 - 1917 _92195710 _3RU\NLR\AUTH\6601555036 |
|
| 606 | 1 |
_aФотографические открытки _92151039 _3RU\NLR\AUTH\661600135 |
|
| 606 | 1 |
_aМеханические заводы _jОткрытки _yРоссия _92472519 _3RU\NLR\AUTH\6601685342 |
|
| 610 | 1 | _aВидовые открытки | |
| 617 |
_aРоссия _cЕкатеринославская губерния _cАлександровский уезд _dШенвизе, село _eЗавод земледельческих машин и орудий А. Я. Копа |
||
| 686 | 0 | _aЩ153(2Р=Рус)53-489 | |
| 712 | 0 | 0 |
_4650 _aИсаак, _gД. П., _hкнижный магазин _cАлександровск, Екатеринославская губ. _3RU\NLR\AUTH\880638382 _92696151 |
| 712 | 0 | 2 |
_4570 _aЗавод земледельческих машин и орудий А. Я. Копа _cс. Шенвизе, Екатеринославская губ. _3RU\NLR\AUTH\880638712 _92697167 |
| 830 | _a"Зав. землед. маш. и орудий, Абрам Яковлевич Коп", "с. Шенвизе, гор. Александровск": Екатеринославский адрес-календарь на 1910 г.: https://vivaldi.nlr.ru/bx000003466/view/#page=327 (10.02.2026). АЯ ОЭФ | ||
| 830 | _a"«КОП А.Я.», фирма по производству земледельческих машин и орудий": https://enc.rusdeutsch.ru/articles/5510 (10.02.2026). АЯ ОЭФ | ||
| 830 | _a"... завод земледельческих орудий А. Коппа": https://ru.wikipedia.org/wiki/Шенвизе (10.02.2026). АЯ ОЭФ | ||
| 830 | _aСело Шенвизе: https://www.google.ru/books/edition/Этноконтактные_зоны_в/QcHiAAAAMAAJ (06.02.2026); https://www.google.ru/books/edition/Первая_всеобщая_переп/P883AQAAMAAJ (06.02.2026). АЯ ОЭФ | ||
| 830 | _a"Шенвизе, колония немец.": https://www.google.ru/books/edition/Volosti_i_vazhni͡eĭshīi͡a_selenīi͡/uR4EAAAAYAAJ (06.02.2026). АЯ ОЭФ | ||
| 830 | _a"Колония Шенвизе": https://www.google.ru/books/edition/Osobye_zhurnaly_Soveta_ministrov_Rossi%C4%AD/WSZLAQAAMAAJ (06.02.2026). АЯ ОЭФ | ||
| 830 | _a"К. Шенвизе": https://vivaldi.nlr.ru/bx000014303/view/?#page=24 (06.02.2026). АЯ ОЭФ | ||
| 852 | 0 | 0 |
_aNLR _bЭ _jОТ63/З-332 _mинв.65418 |
| 856 | 0 | _uhttps://vivaldi.nlr.ru/lo500030065/view | |
| 856 | 1 | _uhttps://vivaldi.nlr.ru/lo500030065/cover | |
| 856 | 2 | _uhttps://vivaldi.nlr.ru/lo500030065/text | |
| 942 | _cVISUAL | ||
| 980 | _aNB | ||
| 981 | 1 | 7 |
_a(17) Изографические материалы _b(17) Открытки |